[Event "Paris Université 1 - ENS Ulm 2"]
[Site "La Defense"]
[Date "2012.06.02"]
[Round "1.1"]
[White "Ribeiro "]
[Black "Ducatez "]
[Result "1-0"]
[WhiteElo "2280"]
[BlackElo "2010"]
[PlyCount "125"]
[EventDate "2012.??.??"]
[WhiteTeam "Paris 1"]
[BlackTeam "ENS Ulm 2"]

1. e4 Nf6 2. e5 Nd5 3. c4 Nb6 4. c5 Nd5 5. Nc3 e6 6. d4 Nxc3 7. bxc3 d6 8. cxd6
cxd6 9. Nf3 Nc6 10. exd6 Bxd6 11. Bd3 Qa5 12. Bb2 O-O 13. O-O Qh5 14. Re1 Bd7
15. Ne5 Qxd1 16. Raxd1 Rad8 17. Nc4 Bb8 18. Ba3 Rfe8 19. Nd6 Bxd6 20. Bxd6 Ne7
21. Bxe7 Rxe7 22. Be4 Ba4 23. Rb1 b6 24. Rb4 Be8 25. Bf3 Rc7 26. Rc1 Rdc8 27.
c4 g6 28. d5 exd5 29. Bxd5 Bc6 30. Rd1 Bxd5 31. cxd5 Rc1 32. Rbd4 Kf8 33. d6
Rxd1+ 34. Rxd1 Rd8 35. Kf1 Ke8 36. Re1+ Kf8 37. Rd1 f6 38. Ke2 Kf7 39. Rd3 Ke6
40. Ra3 Rd7 41. h4 Kxd6 42. Ke3 Kc5 43. Rb3 a5 44. g3 a4 45. Rb1 b5 46. Rb2 Kc4
47. Rb1 b4 48. Rc1+ Kb5 49. Rb1 Ka5 50. Rb2 a3 51. Rc2 Ka4 52. Rc8 Rb7 53. Ra8+
Kb5 54. Rc8 b3 55. axb3 Kb4 56. Rc1 Kxb3 57. Rb1+ Kc2 58. Rxb7 a2 59. Ra7 Kb2
60. Ke4 a1=Q 61. Kd5 f5 62. Ke6 Kc3 63. f3 1-0

[Event "ENS Ulm 2 - Paris Universite 1"]
[Site "La Defense"]
[Date "2012.06.02"]
[Round "1.2"]
[White "Moussou "]
[Black "Lazo "]
[Result "1/2-1/2"]
[WhiteElo "1499"]
[BlackElo "2170"]
[PlyCount "89"]
[EventDate "2012.??.??"]

1. d4 d5 2. c4 e6 3. Nc3 f5 4. Nf3 c6 5. Bf4 Nf6 6. e3 Bd6 7. c5 Bxf4 8. exf4
O-O 9. Bd3 b6 10. cxb6 axb6 11. O-O c5 12. Bb5 Ba6 13. Ne5 Ne4 14. Bxa6 Nxa6
15. f3 Nd6 16. Re1 c4 17. Qe2 Re8 18. g4 Qh4 19. Qf2 Qxf2+ 20. Kxf2 Nc7 21. Kg3
b5 22. a3 Ra6 23. Nd7 Kf7 24. Rad1 Raa8 25. Re2 Rad8 26. Ne5+ Kf8 27. Rde1 g6
28. h4 Nf7 29. Nc6 Rd6 30. Nb4 Ra8 31. Rh1 Kg7 32. h5 Rg8 33. g5 gxh5 34. Rxh5
h6 35. gxh6+ Nxh6 36. Reh2 Kf6+ 37. Kf2 Nf7 38. Rh7 Rg7 39. Rxg7 Kxg7 40. Rg2+
Kf6 41. Rg8 Rd8 42. Rxd8 Nxd8 43. Kg3 Kg6 44. Kh4 Kh6 45. Kg3 1/2-1/2

[Event "Paris UNiversite 1 - ENS Ulm"]
[Site "La Defense"]
[Date "2012.06.02"]
[Round "1.3"]
[White "Konopka"]
[Black "Renaudin"]
[Result "1-0"]
[WhiteElo "2050"]
[BlackElo "1499"]
[PlyCount "71"]
[EventDate "2012.??.??"]

1. e4 c5 2. Nf3 d6 3. c4 Nc6 4. d4 Nf6 5. d5 Ne5 6. Nxe5 dxe5 7. Nc3 e6 8. Be2
Be7 9. Be3 O-O 10. f3 Ne8 11. dxe6 Bxe6 12. O-O Nc7 13. Qc2 Qe8 14. Rad1 b6 15.
Nd5 Bxd5 16. exd5 Bd6 17. Bd3 f5 18. Bxf5 Qh5 19. Bg4 Qh4 20. Qe4 Qf6 21. g3
Rae8 22. b3 Qd8 23. h4 Be7 24. Bh5 Qd6 25. Bg4 Rf7 26. Rde1 Ref8 27. f4 Ne8 28.
fxe5 Rxf1+ 29. Rxf1 Rxf1+ 30. Kxf1 Qd8 31. Be6+ Kh8 32. d6 Bxd6 33. exd6 Nxd6
34. Qe5 Ne8 35. Bd5 Nf6 36. Bg5 1-0

[Event "ENS Ulm 2 - Paris Universite 1"]
[Site "La Defense"]
[Date "2012.06.02"]
[Round "1.4"]
[White "Duval "]
[Black "Assedo "]
[Result "0-1"]
[WhiteElo "1499"]
[BlackElo "1940"]
[PlyCount "40"]
[EventDate "2012.??.??"]

1. d4 Nf6 2. Nc3 d5 3. e3 Bf5 4. Nf3 e6 5. Bd3 Bxd3 6. cxd3 Bd6 7. e4 dxe4 8.
dxe4 Be7 9. O-O O-O 10. Bg5 Nbd7 11. d5 exd5 12. exd5 Nb6 13. Ne5 Nfxd5 14.
Bxe7 Qxe7 15. Nxd5 Qxe5 16. Nxb6 axb6 17. Re1 Qxb2 18. Qd7 Rxa2 19. h4 Qxf2+
20. Kh1 Qxg2# 0-1

[Event "ENS Lyon - Paris Universite 1"]
[Site "La Defense"]
[Date "2012.06.02"]
[Round "2.1"]
[White "Adam"]
[Black "Ribeiro"]
[Result "0-1"]
[WhiteElo "2230"]
[BlackElo "2280"]
[PlyCount "110"]
[EventDate "2012.??.??"]

1. e4 c5 2. c3 b6 3. d4 Bb7 4. Bd3 Nf6 5. Qe2 Qc7 6. Na3 cxd4 7. Nb5 Qc8 8.
Nxd4 Nc6 9. Ngf3 g6 10. O-O Bg7 11. Bg5 h6 12. Bd2 O-O 13. h3 Re8 14. Rad1 e5
15. Nb5 Qb8 16. Bb1 a6 17. Na3 d5 18. exd5 Nxd5 19. Bc1 Nf4 20. Qe3 Qc7 21. Nc4
b5 22. Nd6 Red8 23. Nxb7 Qxb7 24. Be4 f5 25. Bc2 Kh7 26. Kh2 Nd5 27. Qe2 e4 28.
Nd2 b4 29. Nxe4 fxe4 30. Qxe4 Nde7 31. c4 Qc7+ 32. g3 Rf8 33. Bf4 Rxf4 34. gxf4
Rf8 35. Qg2 Rxf4 36. Qg3 Be5 37. Kh1 Rxc4 38. Qd3 Nd4 39. Bb3 Qc6+ 40. f3 Rc5
41. Qe4 Nef5 42. Qxc6 Rxc6 43. Rfe1 Nxf3 44. Rd7+ Bg7 45. Re8 h5 46. Ra8 Kh6
47. Raa7 Be5 48. h4 Rc1+ 49. Kg2 N5xh4+ 50. Kf2 Bd4+ 51. Rxd4 Nxd4 52. Rxa6
Nxb3 53. axb3 Rc2+ 54. Kg3 Nf5+ 55. Kf3 Rxb2 0-1

[Event "Paris Universite 1 - ENS Lyon"]
[Site "La Defense"]
[Date "2012.06.02"]
[Round "2.2"]
[White "Lazo "]
[Black "Mercier "]
[Result "1/2-1/2"]
[WhiteElo "2170"]
[BlackElo "1870"]
[PlyCount "138"]
[EventDate "2012.??.??"]

1. d4 Nf6 2. c4 g6 3. Nc3 Bg7 4. e4 d6 5. Bd3 O-O 6. Nge2 c5 7. d5 Na6 8. O-O
Nc7 9. f3 a6 10. Be3 Rb8 11. a4 Bd7 12. Qb3 e6 13. Qb6 Nce8 14. a5 Qe7 15. b4
Bc8 16. bxc5 Nd7 17. cxd6 Nxd6 18. Qb4 Ne5 19. Rad1 Qc7 20. Bb6 Qd7 21. c5 Ne8
22. Bc2 exd5 23. Nxd5 Nc6 24. Qa3 Qe6 25. Bb3 g5 26. Nc7 Qg6 27. Nxe8 Rxe8 28.
Bc7 Ra8 29. Rd6 Be6 30. Bxe6 Rxe6 31. Qb3 Bf8 32. Qxb7 Bxd6 33. Qxa8+ Bf8 34.
Bd6 Rxd6 35. cxd6 Qxd6 36. Rc1 Nd4 37. Nxd4 Qxd4+ 38. Kh1 Qe3 39. Qc8 Kg7 40.
Qc3+ Qxc3 41. Rxc3 Bb4 42. Rc6 Bxa5 43. Rxa6 Bd2 44. Kg1 h5 45. Kf1 g4 46. Ke2
Bg5 47. fxg4 hxg4 48. Ra4 f6 49. Kf2 Bh4+ 50. g3 Bg5 51. Ra5 Kg6 52. Rf5 Bh6
53. Kg2 Bg5 54. Rb5 Bh6 55. Rb8 Bg5 56. Rg8+ Kf7 57. Rb8 Kg6 58. Rb6 Kf7 59.
Kf2 Bd2 60. Ke2 Bg5 61. Kd3 Bh6 62. Rb7+ Kg6 63. Kd4 Bg7 64. Kd5 Bh6 65. Ke6
Be3 66. Rf7 Bd4 67. Rd7 Be5 68. Rd2 Kg5 69. Rf2 Kg6 1/2-1/2

[Event "ENS Lyon - Paris Universite 1"]
[Site "La Defense"]
[Date "2012.06.02"]
[Round "2.3"]
[White "Tavenas "]
[Black "Konopka "]
[Result "0-1"]
[WhiteElo "1700"]
[BlackElo "2050"]
[PlyCount "56"]
[EventDate "2012.??.??"]

1. e4 c5 2. d4 e6 3. Nf3 cxd4 4. c3 dxc3 5. Nxc3 Nc6 6. Bf4 d6 7. Bb5 a6 8. Ba4
b5 9. Bb3 Bb7 10. O-O Nf6 11. a4 b4 12. Ne2 Nxe4 13. Ned4 Nxd4 14. Nxd4 e5 15.
Qf3 Qf6 16. Rac1 exf4 17. Nc6 Bxc6 18. Rxc6 Ng5 19. Qg4 Ne6 20. Re1 h5 21. Qd1
Be7 22. Rb6 a5 23. Bd5 O-O 24. Bxa8 Rxa8 25. Qxh5 Qxb2 26. Qf3 Rc8 27. Rb5 Nd4
28. Qg4 f5 0-1

[Event "Paris Universite 1 - ENS Lyon"]
[Site "La Defense"]
[Date "2012.06.02"]
[Round "2.4"]
[White "Ziliotto"]
[Black "Assedo"]
[Result "1-0"]
[WhiteElo "1460"]
[BlackElo "1940"]
[PlyCount "102"]
[EventDate "2012.??.??"]

1. e4 e6 2. d4 d5 3. Nc3 dxe4 4. Nxe4 Nd7 5. Nf3 Ngf6 6. Bd3 Be7 7. Nc3 b6 8.
O-O Bb7 9. Ne5 c5 10. Bb5 Qc7 11. dxc5 Qxe5 12. c6 Bxc6 13. Bxc6 Rc8 14. Re1
Qc7 15. Bxd7+ Qxd7 16. Bg5 Qxd1 17. Raxd1 O-O 18. Rd3 Rfd8 19. Red1 h6 20. Bf4
g5 21. Be5 Nd5 22. Nxd5 Rxd5 23. Rxd5 exd5 24. Bc3 Rc5 25. Kf1 f5 26. Bb4 Rc7
27. Bxe7 Rxe7 28. Rxd5 Rc7 29. c3 f4 30. Ke2 Re7+ 31. Kf3 Kg7 32. Rd6 h5 33. h4
gxh4 34. Kxf4 Re2 35. Kf3 Rxb2 36. Rd7+ Kg6 37. Rxa7 Rc2 38. Rc7 b5 39. Rc5 Rb2
40. Ke3 Kh6 41. Rc6+ Kg5 42. Rb6 Kf5 43. c4 Rxa2 44. Rxb5+ Kg6 45. c5 Ra7 46.
c6 Rc7 47. Rc5 Kh6 48. Kf4 Kg6 49. Ke5 Kf7 50. Kd6 Rc8 51. Kd7 Kf6 1-0

[Event "Paris Universite 1 - Telecom Bretagne"]
[Site "La Defense"]
[Date "2012.06.02"]
[Round "3.1"]
[White "Ribeiro"]
[Black "Todoran"]
[Result "1-0"]
[WhiteElo "2280"]
[BlackElo "2450"]
[PlyCount "55"]
[EventDate "2012.??.??"]

1. e4 c5 2. Nf3 d6 3. d4 cxd4 4. Nxd4 Nf6 5. Nc3 g6 6. Be3 Bg7 7. f3 O-O 8. Qd2
Nc6 9. O-O-O Nxd4 10. Bxd4 Be6 11. Kb1 Qc7 12. g4 Rfc8 13. h4 Qa5 14. Qg5 b5
15. Qxb5 Qc7 16. Qa4 Rab8 17. Ba6 Re8 18. h5 Nd7 19. hxg6 hxg6 20. Bxg7 Kxg7
21. Qd4+ f6 22. g5 Nc5 23. gxf6+ exf6 24. Bb5 Rec8 25. Rdg1 Qa5 26. Rxg6+ Kxg6
27. Qg1+ Kf7 28. Rh7+ 1-0

[Event "Telecom Bretagne - Paris Universite 1"]
[Site "La Defense"]
[Date "2012.06.02"]
[Round "3.2"]
[White "Arthmidou"]
[Black "Lazo"]
[Result "0-1"]
[WhiteElo "2140"]
[BlackElo "2170"]
[PlyCount "97"]
[EventDate "2012.??.??"]

1. e4 e6 2. d4 d5 3. Nc3 Bb4 4. e5 c5 5. a3 Bxc3+ 6. bxc3 Qa5 7. Bd2 Qa4 8. Nf3
c4 9. Ng5 Qd7 10. a4 Nc6 11. f4 b6 12. Be2 Bb7 13. O-O g6 14. Bc1 O-O-O 15. Ba3
h6 16. Nh3 Nge7 17. Bb4 Ba6 18. a5 b5 19. Bc5 Rdg8 20. Nf2 h5 21. Nh3 Nf5 22.
Qd2 Kb7 23. g3 Ka8 24. Ng5 Nd8 25. Kf2 Nb7 26. Bb4 Nh6 27. h3 Re8 28. Rh1 Qd8
29. g4 h4 30. Qe3 Qd7 31. Ke1 Ng8 32. Kd2 Nd8 33. Raf1 Ne7 34. Qf2 Nec6 35. Nf3
Nxb4 36. cxb4 Qe7 37. c3 Nc6 38. Rb1 Rh7 39. Rhg1 Reh8 40. g5 Qf8 41. Rg4 Ne7
42. Nxh4 Nf5 43. Nxf5 gxf5 44. Rg3 Rxh3 45. Rbg1 Rxg3 46. Qxg3 Qg8 47. Rg2 Qh7
48. g6 fxg6 49. Qxg6 0-1

[Event "Paris Universite 1 - Telecom Bretatgne"]
[Site "La Defense"]
[Date "2012.06.02"]
[Round "3.3"]
[White "Konopka "]
[Black "Pottier"]
[Result "0-1"]
[WhiteElo "2050"]
[BlackElo "1720"]
[PlyCount "69"]
[EventDate "2012.??.??"]

1. e4 c5 2. Nf3 Nc6 3. c4 g6 4. d4 cxd4 5. Nxd4 Bg7 6. Be3 Nf6 7. Nc3 Ng4 8.
Qxg4 Nxd4 9. Qd1 e5 10. Be2 a6 11. O-O O-O 12. f4 d6 13. b3 Bd7 14. Rc1 Rc8 15.
Nd5 Bc6 16. fxe5 dxe5 17. Bg4 Rb8 18. Qd2 Qh4 19. h3 Qd8 20. Bh6 Bxd5 21. cxd5
Qb6 22. Kh1 a5 23. Rc4 Nb5 24. Be3 Qa6 25. Be2 Qa8 26. Bc5 Rfd8 27. a4 Nd6 28.
Bxd6 Rxd6 29. Rc7 Rf8 30. Qe3 Qb8 31. Rfc1 b6 32. Bb5 Bf6 33. Qf3 Kg7 34. R7c6
Rfd8 35. Rf1 0-1

[Event "Telecom Bretagne - Paris Universite 1"]
[Site "La Defense"]
[Date "2012.06.02"]
[Round "3.4"]
[White "Vialatte"]
[Black "Assedo"]
[Result "0-1"]
[WhiteElo "1810"]
[BlackElo "1940"]
[PlyCount "94"]
[EventDate "2012.??.??"]

1. d4 Nf6 2. c4 g6 3. Nc3 d5 4. Nf3 Bg7 5. Qb3 c6 6. cxd5 Nxd5 7. Nxd5 Qxd5 8.
Qxd5 cxd5 9. Bf4 Nc6 10. e3 Bf5 11. Bb5 Rc8 12. Rc1 O-O 13. Bxc6 Rxc6 14. Rxc6
bxc6 15. b4 Ra8 16. Bc7 Rc8 17. Bg3 Ra8 18. Bc7 Rc8 19. Ba5 f6 20. Ke2 e5 21.
Rc1 Bg4 22. h3 Bd7 23. a4 Kf7 24. Kd2 h6 25. b5 cxb5 26. Rxc8 Bxc8 27. axb5 e4
28. Ng1 Bd7 29. b6 axb6 30. Bxb6 Bf8 31. Bc5 Bxc5 32. dxc5 Bb5 33. h4 Bf1 34.
Nh3 Bxg2 35. Nf4 Bf1 36. Nxd5 Ke6 37. Nf4+ Kf5 38. c6 Ba6 39. Kc3 g5 40. hxg5
fxg5 41. Ng2 Ke5 42. Kb4 Kd6 43. Ka5 Bf1 44. Ne1 Kxc6 45. f3 Kd5 46. fxe4+ Kxe4
47. Kb4 Kxe3 0-1

[Event "ENS Ulm - Paris Universite 1"]
[Site "La Defense"]
[Date "2012.06.02"]
[Round "4.1"]
[White "Carre"]
[Black "Ribeiro"]
[Result "1/2-1/2"]
[WhiteElo "2100"]
[BlackElo "2280"]
[PlyCount "115"]
[EventDate "2012.??.??"]

1. d4 e6 2. Bf4 Nf6 3. e3 b6 4. Nd2 Bb7 5. Ngf3 Be7 6. Bd3 c5 7. c3 O-O 8. O-O
Nh5 9. Bg3 Nxg3 10. hxg3 cxd4 11. cxd4 d6 12. Rc1 Nd7 13. Be4 Bxe4 14. Nxe4 d5
15. Nc3 a6 16. Qe2 b5 17. e4 b4 18. Na4 dxe4 19. Qxe4 Nf6 20. Qe2 Qa5 21. b3
Rfd8 22. Rfd1 Qb5 23. Qc2 Bd6 24. Qc6 Nd5 25. Ne5 Ne7 26. Qb6 Bxe5 27. dxe5
Rxd1+ 28. Rxd1 Nd5 29. Qd4 Rc8 30. Nb2 Qe2 31. Nc4 Qxa2 32. Nb6 Re8 33. Nxd5
exd5 34. Qxb4 h6 35. Rxd5 Qb1+ 36. Kh2 Qf5 37. Qd4 Kh7 38. e6 Qxe6 39. Qd3+ g6
40. Rd6 Qe5 41. Rd5 Qe6 42. Rd6 Qg4 43. Qf3 Qxf3 44. gxf3 Rb8 45. Rxa6 Kg7 46.
Kg2 h5 47. Rc6 g5 48. Rc5 f6 49. Ra5 Kg6 50. Rc5 g4 51. fxg4 hxg4 52. Rb5 f5
53. Rc5 Kf6 54. Rb5 Ke6 55. Ra5 Kf6 56. Rd5 Ke6 57. Rb5 Kf6 58. Rc5 1/2-1/2

[Event "Paris Universite 1 - ENS Ulm"]
[Site "La Defense"]
[Date "2012.06.02"]
[Round "4.2"]
[White "Lazo "]
[Black "Lepot "]
[Result "0-1"]
[WhiteElo "2170"]
[BlackElo "2180"]
[PlyCount "74"]
[EventDate "2012.??.??"]

1. d4 d5 2. c4 c6 3. cxd5 cxd5 4. Nc3 Nc6 5. Nf3 Nf6 6. Bf4 e6 7. e3 Nh5 8. Bg5
Qb6 9. Qd2 h6 10. Bh4 g5 11. Bg3 Nxg3 12. hxg3 Bg7 13. Rc1 Qd8 14. Bd3 Bd7 15.
Nb5 Kf8 16. Qc3 Kg8 17. Ke2 a6 18. Na3 Rc8 19. Qd2 g4 20. Nh4 h5 21. b4 Bh6 22.
Qb2 Qe7 23. b5 Nb4 24. Rxc8+ Bxc8 25. Bb1 Bd7 26. bxa6 bxa6 27. Rc1 Kg7 28. Rc7
Rb8 29. Qc3 Bg5 30. Rc5 Bxh4 31. gxh4 Qxh4 32. Nc2 Bb5+ 33. Rxb5 Rxb5 34. Nxb4
a5 35. a4 axb4 36. Qd3 Qh1 37. Qc3 Kf6 0-1

[Event "ENS ulm - Paris Universite 1"]
[Site "La Defense"]
[Date "2012.06.02"]
[Round "4.3"]
[White "Fageot "]
[Black "Konopka"]
[Result "1-0"]
[WhiteElo "2080"]
[BlackElo "2050"]
[PlyCount "118"]
[EventDate "2012.??.??"]

1. d4 Nf6 2. Nf3 d5 3. Bf4 e6 4. e3 Bd6 5. Bg3 O-O 6. Bd3 Ne4 7. Nbd2 f5 8. Ne5
Nd7 9. Nxd7 Qxd7 10. Bxd6 Qxd6 11. f3 Nf6 12. f4 c5 13. c3 cxd4 14. cxd4 Bd7
15. O-O g5 16. Qe2 g4 17. Nb3 b6 18. Rfc1 a5 19. Rc2 a4 20. Nd2 Rfc8 21. Rac1
Rxc2 22. Rxc2 Rc8 23. Nb1 Qb4 24. Kf1 Rxc2 25. Qxc2 Bb5 26. Bxb5 Qxb5+ 27. Qe2
Qc6 28. Nc3 Ne4 29. Qb5 Nd2+ 30. Ke2 Qxb5+ 31. Nxb5 Nc4 32. b3 axb3 33. axb3
Na5 34. Nc7 Kf7 35. Na8 Nxb3 36. Nxb6 Na5 37. Na4 Nb7 38. Nc3 Ke7 39. Kd3 Kd6
40. h3 gxh3 41. gxh3 Ke7 42. Ne2 Nd6 43. Ng1 Ne4 44. Ke2 Kf6 45. Nf3 Kg6 46.
Kf1 Kf6 47. Ne5 Ke7 48. Kg2 Nd6 49. Kf3 Nc4 50. Nd3 Kd6 51. Ne5 Ke7 52. Ke2
Nxe5 53. fxe5 Kd7 54. Kf3 Ke7 55. Kf4 Kf7 56. Kg5 Kg7 57. Kh5 h6 58. Kh4 Kg6
59. Kg3 Kg5 1-0

[Event "Paris Universite 1 - ENS Ulm"]
[Site "La Defense"]
[Date "2012.06.02"]
[Round "4.4"]
[White "Assedo"]
[Black "Vertechi"]
[Result "1-0"]
[WhiteElo "1940"]
[BlackElo "1880"]
[PlyCount "82"]
[EventDate "2012.??.??"]

1. e4 e6 2. d4 d5 3. Nc3 Bb4 4. e5 c5 5. a3 Bxc3+ 6. bxc3 Ne7 7. f4 Bd7 8. Nf3
Qa5 9. Bd2 Qa4 10. Bd3 c4 11. Be2 Nbc6 12. O-O O-O-O 13. Nh4 f5 14. exf6 gxf6
15. Be1 Kb8 16. Bg3 Ka8 17. Bg4 Nf5 18. Nxf5 exf5 19. Bf3 Be8 20. Re1 Bf7 21.
Qd2 Rde8 22. Bh4 Rxe1+ 23. Rxe1 Qxa3 24. Bxf6 Rg8 25. Re3 Qd6 26. Be5 Qd8 27.
Qe2 Qh4 28. g3 Qh3 29. Bg2 Qg4 30. Bf3 Qg6 31. Qg2 Rd8 32. Re1 h5 33. Rb1 h4
34. gxh4 Qh6 35. Qh3 Rg8+ 36. Kf1 Bh5 37. Bxd5 Bg4 38. Qg2 Qxh4 39. Bxc6 Be2+
40. Qxe2 Qh3+ 41. Bg2 Re8 1-0

[Event "Telecom Bretagne - ENS Ulm"]
[Site "La Defense"]
[Date "2012.06.03"]
[Round "5.1"]
[White "Todoran "]
[Black "Carre"]
[Result "1-0"]
[WhiteElo "2450"]
[BlackElo "2100"]
[PlyCount "69"]
[EventDate "2012.??.??"]

1. e4 e5 2. Nf3 Nf6 3. d4 Nxe4 4. Bd3 d5 5. Nxe5 Nd7 6. Nxd7 Bxd7 7. O-O Qh4 8.
g3 Qh3 9. f3 Nd6 10. Re1+ Be6 11. Nc3 O-O-O 12. Ne2 g5 13. Bxg5 Qh5 14. Bxd8
Kxd8 15. Nf4 Qh6 16. Qe2 Kd7 17. Qe3 Qf6 18. Qe5 Qxe5 19. dxe5 Ne8 20. Rad1 c6
21. c4 h5 22. h4 Nc7 23. cxd5 Nxd5 24. Nxd5 cxd5 25. f4 Bc5+ 26. Kh2 d4 27. a3
Bb6 28. Be4 Rc8 29. Rc1 Rc7 30. Rxc7+ Kxc7 31. f5 Bb3 32. g4 hxg4 33. h5 Kd8
34. h6 Bc7 35. Bd3 1-0

[Event "ENS Ulm -Telecom Bretagne"]
[Site "La Defense"]
[Date "2012.06.03"]
[Round "5.2"]
[White "Lepot "]
[Black "Arthmidou "]
[Result "0-1"]
[WhiteElo "2180"]
[BlackElo "2140"]
[PlyCount "70"]
[EventDate "2012.??.??"]

1. e4 e5 2. Nf3 Nc6 3. d4 exd4 4. Bc4 Nf6 5. O-O Nxe4 6. Re1 d5 7. Bxd5 Qxd5 8.
Nc3 Qa5 9. Nxe4 Be6 10. Bd2 Qd5 11. Bg5 Bb4 12. c3 Ba5 13. b4 Bb6 14. a4 a6 15.
b5 Na5 16. Bf6 O-O 17. cxd4 Bf5 18. Nfg5 h6 19. Qh5 Bg6 20. Qh4 hxg5 21. Bxg5
Rfe8 22. Nc5 Nb3 23. Nxb3 Qxb3 24. Re3 Rxe3 25. Bxe3 axb5 26. Qg5 bxa4 27. h4
Qc3 28. Rc1 Qa5 29. d5 Bxe3 30. fxe3 Be4 31. Qe7 Qxd5 32. Rxc7 Rd8 33. Rc1 b5
34. h5 Qd2 35. Rf1 Qxg2# 0-1

[Event "Telecom Bretagne - ENS Ulm"]
[Site "La Defense"]
[Date "2012.06.03"]
[Round "5.4"]
[White "Pottier"]
[Black "Fageot"]
[Result "0-1"]
[WhiteElo "1720"]
[BlackElo "2080"]
[PlyCount "148"]
[EventDate "2012.??.??"]

1. d4 d5 2. Nf3 Nf6 3. e3 c6 4. Be2 Nbd7 5. b3 e6 6. Bb2 Bd6 7. O-O O-O 8. Nbd2
Re8 9. Ne5 Ne4 10. f3 Nxd2 11. Qxd2 f6 12. Nd3 e5 13. c4 dxc4 14. bxc4 Qe7 15.
Rae1 exd4 16. exd4 Qf7 17. Nf2 Nf8 18. Ne4 Bc7 19. Ba3 Be6 20. Qc3 Rad8 21. Rd1
Ng6 22. Rfe1 Kh8 23. Bf1 Ne7 24. Nc5 Bc8 25. Nb3 Nf5 26. Rxe8+ Rxe8 27. Re1 Bf4
28. Bc1 Bb8 29. Nc5 Rxe1 30. Qxe1 Nxd4 31. Qd1 Ne6 32. Nxe6 Bxe6 33. Qd8+ Qg8
34. Qe7 b6 35. Bh6 Qf7 36. Qd8+ Qg8 37. Qe7 Bf7 38. Be3 Qe8 39. Qxe8+ Bxe8 40.
Bd3 Bd6 41. g3 Kg8 42. Kf2 Bf7 43. Bd2 Bc5+ 44. Ke2 Kf8 45. Bf4 g6 46. Bb8 a5
47. Bc7 Ke7 48. a4 Be6 49. Bf4 Bd7 50. Bd2 Bg1 51. h4 Bd4 52. Bc1 Kd6 53. Ba3+
Bc5 54. Bb2 Ke7 55. Bc3 Bb4 56. Bb2 Bd6 57. Bc3 Be5 58. Bd2 Kd6 59. Be3 c5 60.
f4 Bd4 61. Bxd4 cxd4 62. Be4 Bxa4 63. Kd3 Bc6 64. Kxd4 Bxe4 65. Kxe4 a4 66. Kd3
Kc5 67. Kc3 a3 68. Kb3 a2 69. Kxa2 Kxc4 70. Kb2 Kd4 71. g4 Ke4 72. Kc3 Kxf4 73.
h5 gxh5 74. Kc4 hxg4 0-1

[Event "ENS Ulm - Telecom Bretagne"]
[Site "La Defense"]
[Date "2012.06.03"]
[Round "5.4"]
[White "Vertechi "]
[Black "Vialatte "]
[Result "1-0"]
[WhiteElo "1880"]
[BlackElo "1810"]
[PlyCount "106"]
[EventDate "2012.??.??"]

1. d4 d5 2. c4 e6 3. Nc3 c6 4. Nf3 Nf6 5. Bg5 dxc4 6. e4 b5 7. e5 h6 8. Bh4 g5
9. Nxg5 hxg5 10. Bxg5 Be7 11. exf6 Bxf6 12. Bxf6 Qxf6 13. g3 Bb7 14. Bg2 Na6
15. Nxb5 cxb5 16. Bxb7 Nb4 17. O-O Rd8 18. a4 Rxd4 19. Qf3 Qh6 20. Qg2 Rd2 21.
axb5 Kf8 22. Rxa7 Kg7 23. h4 Qf6 24. Qe4 Nd3 25. Qg4+ Qg6 26. Qxg6+ Kxg6 27.
Be4+ f5 28. Bxd3 cxd3 29. Rd7 Rb8 30. Rb1 Rxb5 31. b4 Kh5 32. Rb3 Rd1+ 33. Kg2
d2 34. Rb2 Kg4 35. Rdxd2 Rxd2 36. Rxd2 Rxb4 37. Rd6 e5 38. Re6 e4 39. Rg6+ Kh5
40. Rg5+ Kh6 41. Rxf5 Rb2 42. Re5 Rb4 43. Kh3 Kh7 44. Kg4 Kg6 45. Kf4 Rb2 46.
Ke3 Rb3+ 47. Kxe4 Rb4+ 48. Kf3 Rb3+ 49. Kg2 Rb2 50. Rg5+ Kh6 51. Kf3 Kh7 52.
Kg4 Kh8 53. f4 Rb4 1-0

[Event "ENS Ulm - ENS lyon"]
[Site "La Defense"]
[Date "2012.06.03"]
[Round "6.1"]
[White "Carre"]
[Black "Adam"]
[Result "0-1"]
[WhiteElo "2100"]
[BlackElo "2230"]
[PlyCount "149"]
[EventDate "2012.??.??"]

1. d4 d5 2. Bf4 Nf6 3. e3 c6 4. c4 a6 5. Nc3 b5 6. c5 g6 7. Nf3 Nbd7 8. Be2 Nh5
9. Bg5 h6 10. Bh4 Ng7 11. Bd3 Qa5 12. a3 g5 13. b4 Qd8 14. Bg3 Nh5 15. Be5 Bg7
16. Bxg7 Nxg7 17. Qc2 g4 18. Nd2 e5 19. a4 Rb8 20. axb5 axb5 21. O-O e4 22.
Bxe4 O-O 23. Bh7+ Kh8 24. Bd3 f5 25. Ra7 Nf6 26. f3 Qe8 27. Re1 Qh5 28. Ne2 Qg5
29. Nf4 Nfh5 30. Nxh5 Qxh5 31. f4 Qh4 32. Rea1 g3 33. h3 Qf6 34. Nf1 Be6 35.
Nxg3 Qg6 36. Qf2 Rg8 37. Kh2 Ne8 38. Ra8 Nf6 39. Rxb8 Rxb8 40. Ra7 Rg8 41. Rc7
Bd7 42. Rxd7 Nxd7 43. Bxf5 Qf7 44. Bxd7 Qxd7 45. Qf3 Qf7 46. f5 Rf8 47. Qf4 Qf6
48. Qe5 Qxe5 49. dxe5 Kg7 50. Nh5+ Kf7 51. Nf4 Re8 52. Nd3 Ra8 53. g4 Ra3 54.
Nf4 Rxe3 55. e6+ Kf6 56. Nh5+ Ke7 57. h4 d4 58. Kg2 d3 59. Kf2 d2 60. Kxe3 d1=Q
61. Nf4 Qxg4 62. Ng6+ Kf6 63. e7 Qg1+ 64. Ke2 Qh2+ 65. Ke3 Qb8 66. Ke4 Qc8 67.
Kd4 Kxf5 68. h5 Kg5 69. Ke5 Kxh5 70. Kf6 Qe8 71. Nf4+ Kg4 72. Ne6 h5 73. Ng7
Qh8 74. e8=Q Qxe8 75. Nxe8 0-1

[Event "ENS Lyon - ENS ulm"]
[Site "La Defense"]
[Date "2012.06.03"]
[Round "6.2"]
[White "Mercier"]
[Black "Lepot"]
[Result "0-1"]
[WhiteElo "1870"]
[BlackElo "2180"]
[PlyCount "87"]
[EventDate "2012.??.??"]

1. e4 c5 2. c3 d5 3. exd5 Qxd5 4. d4 Nc6 5. Be3 cxd4 6. cxd4 e6 7. Nc3 Bb4 8.
a3 Bxc3+ 9. bxc3 Nf6 10. Nf3 O-O 11. Be2 b6 12. O-O Bb7 13. Qd3 Rfd8 14. Rfd1
Rac8 15. Bf1 Qh5 16. Bf4 Na5 17. Ne5 Nd5 18. Bd2 Nc6 19. Nf3 Nf6 20. Bf4 Qg4
21. Bg3 Qh5 22. Rac1 Qa5 23. c4 Ne7 24. Qc3 Qh5 25. Qe3 Nf5 26. Qf4 Qg4 27.
Qxg4 Nxg4 28. h3 Nxg3 29. hxg4 Nxf1 30. Kxf1 Ba6 31. Kg1 Rxc4 32. Rxc4 Bxc4 33.
Rc1 b5 34. a4 a6 35. axb5 axb5 36. Ra1 f6 37. g5 Rb8 38. gxf6 gxf6 39. Nd2 Bd5
40. Rb1 b4 41. Nb3 Kf7 42. f4 Ke7 43. Kf2 Kd6 44. Ke3 0-1

[Event "ENS Ulm - ENS Lyon"]
[Site "La Defense"]
[Date "2012.06.03"]
[Round "6.3"]
[White "Fageot"]
[Black "Tavenas "]
[Result "1-0"]
[WhiteElo "2080"]
[BlackElo "1700"]
[PlyCount "63"]
[EventDate "2012.??.??"]

1. d4 d5 2. Nf3 Bf5 3. c4 e6 4. Qb3 b6 5. Nc3 c6 6. Bf4 Nd7 7. e3 Be7 8. cxd5
exd5 9. Ba6 c5 10. Bb7 Ndf6 11. Bxa8 c4 12. Qb5+ Bd7 13. Bc6 Bxc6 14. Qxc6+ Kf8
15. Qc7 Qe8 16. Bd6 g6 17. Bxe7+ Nxe7 18. Qe5 Qc6 19. O-O Nf5 20. b3 Kg7 21.
bxc4 Re8 22. Qf4 Qxc4 23. Rac1 Qa6 24. g4 Ne7 25. Ne5 Qb7 26. g5 Nf5 27. gxf6+
Kxf6 28. Ng4+ Kg7 29. Qg5 Re6 30. Ne2 h6 31. Qf4 g5 32. Qxf5 1-0

[Event "ENS Lyon - ENS Ulm"]
[Site "La Defense"]
[Date "2012.06.03"]
[Round "6.4"]
[White "Ziliotto"]
[Black "Vertechi "]
[Result "0-1"]
[WhiteElo "1460"]
[BlackElo "1880"]
[PlyCount "66"]
[EventDate "2012.??.??"]

1. d4 g6 2. Nf3 Bg7 3. Bg5 c5 4. c3 d5 5. e3 Qa5 6. Bd3 cxd4 7. exd4 Nc6 8. O-O
Nf6 9. Nbd2 O-O 10. Nb3 Qc7 11. Re1 Bg4 12. h3 Bxf3 13. Qxf3 e6 14. Bxf6 Na5
15. Bxg7 Kxg7 16. Nxa5 Qxa5 17. Qe2 Rac8 18. Rec1 Rc7 19. Qc2 Rfc8 20. Qb3 a6
21. a3 b5 22. Qb4 Qb6 23. a4 Rb8 24. axb5 axb5 25. Ra5 Rcb7 26. Rca1 Qc6 27.
Ra7 Qb6 28. Rxb7 Rxb7 29. Ra5 Ra7 30. Qxb5 Qxa5 31. Qb3 Qa1+ 32. Kh2 Ra2 33. f3
Rxb2 0-1

[Event "Sciences Po E&Y - ENS Ulm"]
[Site "La Defense"]
[Date "2012.06.03"]
[Round "7.1"]
[White "Hourlier "]
[Black "Carre"]
[Result "1-0"]
[WhiteElo "2000"]
[BlackElo "2100"]
[PlyCount "72"]
[EventDate "2012.??.??"]

1. e4 e5 2. Nf3 Nf6 3. d3 Nc6 4. g3 Bc5 5. Bg2 d6 6. O-O O-O 7. h3 Re8 8. Nc3
Be6 9. Na4 Bb6 10. Ng5 h6 11. Nxe6 Rxe6 12. Nxb6 axb6 13. f4 Re8 14. f5 d5 15.
exd5 Nxd5 16. Bxd5 Qxd5 17. f6 e4 18. Qg4 g6 19. Qh4 exd3 20. Qxh6 Qc5+ 21. Rf2
Re1+ 22. Kg2 Qf8 23. Qh4 Re2 24. Rxe2 dxe2 25. Bh6 Qb4 26. g4 Qe4+ 27. Kf2 Re8
28. Re1 Nd4 29. Bg7 Qf3+ 30. Kg1 Qe3+ 31. Kg2 Qf3+ 32. Kg1 Qf1+ 33. Rxf1 e1=R
34. Kf2 R8e2+ 35. Kg3 Re3+ 36. Kf4 Rf3+ 1-0